000 00642nam a2200181Ia 4500
008 151202s9999||||xx |||||||||||||| ||und||
082 _bPNVM-76449
100 _aपांढरीपांडे विजय
245 _a26 @ 65 - साहित्यिक प्रवास
260 _bअनघा
260 _c2015
300 _a395
600 _aपांढरीपांडे विजय
630 _a26 @ 65 - साहित्यिक प्रवास
700 _aपांढरीपांडे विजय
730 _a26 @ 65 - साहित्यिक प्रवास
942 _cBOOK
999 _c1343108
_d1343105